Asia falling?

Đã lưu trong:
書目詳細資料
企業作者: Henderson, Callum
格式: 圖書
語言:Undetermined
出版: New York Mcgraw-Hill 1988
主題:
標簽: 添加標簽
沒有標簽, 成為第一個標記此記錄!
Thư viện lưu trữ: Trung tâm Học liệu Trường Đại học Cần Thơ
LEADER 00488nam a2200193Ia 4500
001 CTU_155910
008 210402s9999 xx 000 0 und d
020 |c 194000 
082 |a 330.95 
082 |b H496 
110 |a Henderson, Callum 
245 0 |a Asia falling? 
245 0 |c Callum Henderson 
260 |a New York 
260 |b Mcgraw-Hill 
260 |c 1988 
650 |a Fareastern 
904 |i Trần Trung Ngân 
980 |a Trung tâm Học liệu Trường Đại học Cần Thơ